| 000 | 01313nam0a2200265 i 4500 | ||
|---|---|---|---|
| 001 | RU\NLR\bibl\381487 | ||
| 005 | 20260405110417.0 | ||
| 035 | _a(NLR Aleph) 000375891 | ||
| 090 |
_a424815 _c424815 |
||
| 100 | _a20030303d1996 |||y0rusy50 ca | ||
| 101 | 0 | _arus | |
| 102 | _aRU | ||
| 105 | _aa dm ||||| | ||
| 200 | 1 |
_aНаучно-методические основы и практика формирования стратегий развития энергетики регионов Севера _eНа примере Якутии _eАвтореф. дис. на соиск. учен. степ. д.т.н. в форме науч. док. _eСпец. 05.14.01 _fПетров Николай Александрович _gРос. акад. гаук. сиб. отделение. Сиб. энергетический ин-т |
|
| 210 |
_aИркутск _d1996 |
||
| 215 |
_a63 с. _d20 _cил. |
||
| 320 | _aБиблиогр.: с. 58-63 (64 назв.) | ||
| 686 |
_a05.14.01 _2oksvnk |
||
| 700 | 1 |
_8rus _7ca _aПетров _bН. А. _cд-р техн. наук, энергетика _gНиколай Александрович _3RU\NLR\auth\7741573 _924521 |
|
| 801 | 0 |
_aRU _bNLR _c20030326 _gPSBO |
|
| 801 | 1 |
_aRU _bNLR _c20030326 |
|
| 852 |
_aNLR _j98-4/15261 |
||
| 942 | _cBOOK | ||